Wards of Redbridge, London (2002 - 2022) - Statistics

General Stats
  • This quiz has been taken 24 times
  • The average score is 9 of 21
Answer Stats
Answer % Correct
Newbury
80%
Barkingside
70%
Fairlop
70%
Seven KIngs
70%
Snaresbrook
60%
Clayhall
50%
Hainault
50%
Wanstead
50%
Bridge
40%
Chadwell
40%
Monkhams
40%
Fullwell
30%
Goodmayes
30%
Loxford
30%
Roding
30%
Valentines
30%
Aldborough
20%
Clementswood
20%
Cranbrook
20%
Mayfield
20%
Church End
10%
No matching quizzes found
Score Distribution
Percent of People with Each Score
Percentile by Number Answered
Your Score History
You have not taken this quiz